| 000 | 00960cam a22002774a 4500 | ||
|---|---|---|---|
| 001 | 3273 | ||
| 005 | 20250513081136.0 | ||
| 020 | _a9780545504713 | ||
| 040 |
_aDLC _cDLC _beng |
||
| 050 | 0 | 0 |
_aPS3569.I295 _b 2011 |
| 082 | 0 | 0 | _a811.54 |
| 100 | 1 | _aSidman, Joyce | |
| 245 | 1 | 0 |
_aSwirl by swirl : _bspirals in nature / _cwritten by Sidman, Joyce ; pictures by Krommes, Beth |
| 250 | _aFirst Scholastic printing , October 2012 | ||
| 260 |
_aNew York : _bScholastic , _c2011 |
||
| 300 |
_a39 unnumbered pages : _bcolor illustrations ; _c22 cm . |
||
| 505 | _aK | ||
| 520 | _aCelebrates the shape of a spiral in nature, from rushing rivers to flower buds and even the shape of an ear. | ||
| 521 |
_a510
_bLexile |
||
| 521 |
_aK
_bRaz-Plus |
||
| 650 | 0 |
_aSpirals _vJuvenile poetry |
|
| 650 | 0 | _aChildren's poetry, American | |
| 700 | 1 |
_aKrommes, Beth _eillustrator |
|
| 906 |
_a7 _bcbc _corignew _d1 _eecip _f20 _gy-gencatlg |
||
| 942 |
_2ddc _cBK _n0 |
||
| 999 |
_c3273 _d3273 |
||